| 000 | 00834nam a2200217Ia 4500 | ||
|---|---|---|---|
| 003 | GCL | ||
| 008 | 140319s9999 xx 000 0 ara d | ||
| 020 | _a9453232977 | ||
| 040 |
_aGCL / _cGCL |
||
| 082 | 0 | 4 |
_a378.1 _bا ت |
| 100 | 1 | _aاحمد حسين الصغير | |
| 245 | 1 | 0 |
_aالتعليم الجامعى فى الوطن العربى : _bتحديات الواقع ورؤى المستقبل / _cاحمد حسين الصغير |
| 250 | _aالاولى | ||
| 260 |
_aالقاهرة : _bعالم الكتب ، _c2005 |
||
| 300 |
_a222 ص ؛ _c24 سم |
||
| 650 | 0 | 4 | _aالتعليم العالى |
| 650 | 0 | 4 | _aالتعليم الجامعى - الوطن العربى |
| 650 | 0 | 4 | _aالتعليم - البحوث التربوية |
| 650 | 0 | 4 | _aالجامعات والكليات - التنمية المهنية |
| 942 |
_2ddc _cBK |
||
| 999 |
_c9712 _d9712 |
||